Montreal Canadiens Organization Chart - Statistics

General Stats
  • This quiz has been taken 25 times
    16 since last reset
  • The average score is 23 of 47
Answer Stats
League Position Birthplace Player % Correct
NHL F Ontario, CAN Nick Suzuki
100%
NHL F Wisconsin, USA Cole Caufield
93%
NHL F Alberta, CAN Brendan Gallagher
86%
NHL G British Columbia, CAN Carey Price
86%
NHL G New Brunswick, CAN Jake Allen
86%
NHL G Quebec, CAN Sam Montembeault
86%
NHL D Quebec, CAN David Savard
79%
NHL F Ontario, CAN Josh Anderson
79%
NHL F Košice, SVK Juraj Slafkovský
79%
AHL G Michigan, USA Cayden Primeau
71%
AHL F Prešov, SVK Filip Mešár
71%
NHL F Satakunta, FIN Joel Armia
71%
AHL F Quebec, CAN Joshua Roy
71%
CHL D Alberta, CAN Kaiden Guhle
71%
NHL D Quebec, CAN Mike Matheson
71%
NHL F Illinois, USA Christian Dvorak
64%
NHL F Chelyabinsk, RUS Evgenii Dadonov
64%
NHL D Massachusetts, USA Jordan Harris
64%
NHL D Nova Scotia, CAN Justin Barron
64%
CHL D Ontario, CAN Arber Xhekaj
57%
AHL F Quebec, CAN Rafaël Harvey-Pinard
57%
AHL F Dalarna, SWE Emil Heineman
50%
NHL F Ontario, CAN Jake Evans
50%
AHL F Arizona, USA Jesse Ylönen
50%
NHL D Manitoba, CAN Joel Edmundson
50%
NHL F Alberta, CAN Kirby Dach
50%
AHL D Västernorrland, SWE Mattias Norlinder
43%
NHL F Ontario, CAN Michael Pezzetta
43%
NHL F Ontario, CAN Mike Hoffman
43%
NHL D Missouri, USA Chris Wideman
36%
CHL F Ústecký, CZE Jan Myšák
36%
NHL F Ontario, CAN Sean Monahan
36%
NHL F Quebec, CAN Jonathan Drouin
29%
AHL F Nova Scotia, CAN Riley Kidney
29%
NHL D Michigan, USA Corey Schueneman
21%
AHL F Quebec, CAN Joël Teasdale
21%
AHL F Quebec, CAN Alex Belzile
14%
AHL F Quebec, CAN Anthony Richard
14%
NHL F Ontario, CAN Paul Byron
14%
NHL F Ontario, CAN Rem Pitlick
14%
AHL F Ontario, CAN Cameron Hillis
7%
AHL D British Columbia, CAN Gianni Fairbrother
7%
AHL F Ontario, CAN Lucas Condotta
7%
AHL D Manitoba, CAN Madison Bowey
7%
AHL F Ontario, CAN Mitchell Stephens
7%
AHL F Ontario, CAN Nate Schnarr
7%
AHL D Etelä-Savo, FIN Otto Leskinen
7%
No matching quizzes found
Score Distribution
Percent of People with Each Score
Percentile by Number Answered
Your Score History
You have not taken this quiz since the last reset